| 000 | 00528cam a2200193ua 4500 | ||
|---|---|---|---|
| 001 | 10839 | ||
| 008 | 190408n ii |||gr||||Z||||||asm | ||
| 040 | _cMAIN | ||
| 041 | _aasm | ||
| 082 | _a891.4512 | ||
| 100 |
_aArun Sharma, _eAuthor., |
||
| 245 |
_aNatya prasanga aru annyanya rachana _cEd. by Ranjan Bhattacharya |
||
| 250 | _a1st ed. | ||
| 260 |
_aGuwahati: _bPublication board Assam, _c2012. |
||
| 300 | _a416p. | ||
| 653 | _aCritical writing on Assamese drama | ||
| 700 |
_aRanjan Bhattacharya, _eEditor. |
||
| 942 | _cBK | ||
| 999 |
_c9797 _d9797 |
||